40 днів Муса-Дага (Запис № 16504)

000 -Маркер запису
Контрольне поле сталої довжини 02554nam a22002657a 4500
003 - Належність контрольного номера
Контрольне поле Uzh_bibl
008 - Кодовані дані
Контрольне поле сталої довжини 260108b |||||||| |||| 00| 0 ukr d
020 ## - Індекс ISBN
ISBN 978-966-03-7673-1
Ціна 208.77
040 ## - Джерело каталогіз.
Код мови каталог. укр.
041 ## - Код мови видання
Код мови оригіналу англійська
Код мови тексту українська
080 ## - Індекс УДК
Індекс УДК 821(430)
090 ## - Шифри
Поличний індекс 821(430)
Авторський знак В 39
100 ## - Автор
Автор Верфель,Франц
245 ## - Назва
Назва 40 днів Муса-Дага
Відповідальність пер. Є.Тарнавський ;худож.О.Гугалова
Фізичний носій Текст
260 ## - Вихідні дані
Місце видання Харків
Видавництво Фоліо
Дата видання 2017
300 ## - Фізичний опис
Обсяг 890 с.
Тип одиниці В опр.
490 ## - Серія
Назва серії Серія"Зарубіжні авторські зібрання"
520 ## - Анотація
Анотація Відомий австрійський поет, романіст і драматург Франц Верфель (1890-1945) народився в заможній єврейській родині у Празі (на той час Австо-Угорщина). Вчився в університетах Праги, Лейпцига, Гамбурга. У 1915-1917 рр. воював у лавах австрійської армії на російському фронті. У 1929 р., подорожуючи Сирією, Верфель відвідав у Дамаску килимову фабрику, де побачив сотні виснажених, обірваних дітей вірменських біженців. Це спонукало його написати роман "40 днів Муса-Дага", щоб розповісти європейському читачеві про геноцид вірменського народу в Османській імперії 1915-1916 рр. В основу твору покладено реальні історичні події. Не можна без хвилювання читати про випробування, які випали на долю вірменів, зокрема головного героя Габріеля Багратяна - людини з європейською освітою, колишнього офіцера турецької армії, одруженого з француженкою, який, так уже судилося, раптом опинився на своїй батьківщині у найжахливіші часи...
521 ## - Примітка про цільове призначення
Примітка про цільове призначення Для широкого кола читачів
546 ## - Примітка про мову
Примітка про мову укр.
650 ## - Тематичні рубрики
Основна рубрика Літературно-художне видання
653 ## - Ключові слова
Ключові слова Геноцид
-- Вірмени
-- Офіцер
655 ## - Термін індексування — жанр/форма
Типове ділення роман
942 ## - ADDED ENTRY ELEMENTS (KOHA)
Джерело класифікації чи схема поличного розташування
Koha item type Книги
Фонди
Статус вилучення Статус втрати/відсутності Джерело класифікації чи схема поличного розташування Статус пошкодження Тип обігу (не для випозичання) Постійне розташування Поточне розташування Розташування у відділі Дата надходження Інвентарний номер Total Checkouts Штрих-код Date last seen Дата, для якої чинна ціна заміни Тип одиниці (рівень примірника)
          Публічна бібліотека Публічна бібліотека Абонемент 08/01/2026 67922   18915 08/01/2026 08/01/2026 Книги

Працює на АБІС Коха